00367nam a22001337a 450000500170000000800410001704100130005808200130007110000130008424500430009726000350014030000320017565000260020720240506080020.0240506b |||||||| |||| 00| 0 eng d aEnglish  a349 LAW  lEnglish  aThe Law Report: King's Bench Division  aLondon, bTHE COUNCIL, c1950  bxxvii, 629 pages; c25 cm.  aLegal practice bLaw